|
|
|
|
| LEADER |
00871nam a22001814a 4500 |
| 008 |
150112n ii |||gr||||Z||||||eng |
| 020 |
|
|
|a 0471997056
|
| 082 |
|
|
|a 519.233 WIL
|
| 100 |
|
|
|a Williams, David,
|q (Williams, David).
|
| 245 |
|
|
|a Diffusions,Markov Processes,And Martingales,V1 :
|b Foundations /
|c Williams, David .
|h Textual Documents
|
| 260 |
|
|
|a New Year:
|b John Wiley & Sons,
|c 1979.
|
| 300 |
|
|
|a XIII,237p.:
|e 07372.
|
| 630 |
|
|
|a Markov Processes-Statistics, Brownian Motion, Classical Martingal Theory.
|
| 653 |
|
|
|a Some Classical Theory,Brownian Motion,Daniell-Kolmogorov Monotone Class Theorem,Markov Processes
|
| 852 |
|
|
|t 1
|p STA07372
|b Text Books
|k 519.233 WIL
|f 00000
|c Shelf - 10
|
| 942 |
|
|
|c BK
|
| 999 |
|
|
|c 216473
|d 216473
|
| 952 |
|
|
|0 0
|1 0
|4 0
|6 519_233000000000000_WIL
|7 0
|9 230526
|a STA
|b STA
|c Shelf - 10
|d 2019-12-11
|l 0
|o 519.233 WIL
|p STA07372
|r 2019-12-11
|t 1
|w 2019-12-11
|y BK
|